| 000 | 00842cam a22002054a 4500 | ||
|---|---|---|---|
| 005 | 20250605164117.0 | ||
| 008 | 250528s ||||||||||||||||||||||||d | ||
| 035 | _a18134 | ||
| 020 | _a201565293 | ||
| 040 |
_aGR-AtMCL _bgre _dGR-AtMCL _eAACR2 |
||
| 245 | 1 | _aSoftware Engineering / Fourth Edition | |
| 250 | _a4th | ||
| 260 |
_bAddison-Wesley Publishing Company, _c1992 |
||
| 300 | _a658 | ||
| 520 | _aIntroduces the reader to a spectrum of a state-of-the-art software engineering techniques which can be applied to practical software projects. Preface, Introduction, Human Factors in Software Engineering, Software Specification, Software Design, Programming Techniques and Tools, Software Validation, Software Management, References, Index. | ||
| 700 | 1 |
_aSommerville Ian _91932 |
|
| 942 | _cBK | ||
| 999 |
_c3515 _d3515 |
||